Yes or No? - Countries - Statistics

General Stats
  • This quiz has been taken 266 times
  • The average score is 9 of 15
Answer Stats
Question Answer % Correct
Argentina is larger than Canada No
94%
London is larger than Milan Yes
80%
Zimbabwe is the only country starting with the letter Z No
78%
Wales has more people than Singapore No
68%
North Korea borders Russia Yes
65%
Persian is spoken in Iran Yes
64%
Early human life originated from present day Ethiopia Yes
64%
There is less than a 40 km gap between Yemen and Djibouti Yes
64%
France is the largest country in Europe (excluding Russia) No
58%
The Amazon Rainforest stretches to Uruguay No
51%
The U.S.A is home to more than 400 million people No
49%
Bosnia and Herzegovina is not landlocked Yes
47%
Sicily is recognised officially by more than 4 countries No
44%
The Namib desert is the worlds newest desert No
41%
The city "Meridá is in Colombia No
38%
No matching quizzes found
Score Distribution
Percent of People with Each Score
Percentile by Number Answered
Your Score History
You have not taken this quiz